Finančná gramotnosť žiakov druhého stupňa základnej školy v Pečovskej Novej Vsi

Výsledky dotazníkového prieskumu žiakov základných škôl na východnom Slovensku, žiakov druhého stupňa v Pečovskej Novej Vsi v okrese Sabinov. Zhrnutie problematiky finančnej gramotnosti.

Saved in:
Bibliographic Details
Main Author: Lukáč, Jozef, 1991-
Format: Book Chapter
Language:Slovak
Subjects:
Tags: Add Tag
No Tags, Be the first to tag this record!

MARC

LEADER 00000naa a2200000 4500
001 0248327
005 20240502073955.6
041 0 |a slo 
044 |a SK 
245 1 0 |a Finančná gramotnosť žiakov druhého stupňa základnej školy v Pečovskej Novej Vsi  |c Jozef Lukáč 
520 |a Výsledky dotazníkového prieskumu žiakov základných škôl na východnom Slovensku, žiakov druhého stupňa v Pečovskej Novej Vsi v okrese Sabinov. Zhrnutie problematiky finančnej gramotnosti. 
610 2 0 |a Slovensko 
610 2 0 |a gramotnosť finančná 
610 2 0 |a školy základné 
610 2 0 |a prieskum informačný 
610 2 0 |a dotazníky 
610 2 0 |a žiaci 
100 1 |a Lukáč, Jozef, 1991-